000 00411nam a2200181Ia 4500
005 20250603145758.0
008 250603s9999 xx 000 0 und d
020 _a9780070494848
050 _aTA 405 .S27/
100 _aSarkar, B. K.
245 0 _aStrength of materials
260 _aNew Delhi
260 _bTata McGraw Hill
260 _c2009
300 _a388 p
650 _aNew Delhi
942 _cBK
999 _c42827
_d42827